Подробности
| 000 -МАРКЕР |
| контрольное поле |
01853nam2a22002891 4500 |
| 001 - ИДЕНТИФИКАТОР ЗАПИСИ |
| контрольное поле |
v19\rc\1253373 |
| 005 - ИДЕНТИФИКАТОР ВЕРСИИ |
| контрольное поле |
20250617235724.0 |
| 035 ## - ДРУГИЕ СИСТЕМНЫЕ НОМЕРА |
| Идентификатор записи |
(NLR Aleph) 004409179 |
| 100 ## - ДАННЫЕ ОБЩЕЙ ОБРАБОТКИ |
| Данные общей обработки |
20060306d1890 |||y0rusy50 ca |
| 101 0# - ЯЗЫК РЕСУРСА |
| Язык текста, звукозаписи и т.д. |
русский |
| 102 ## - СТРАНА ПУБЛИКАЦИИ ИЛИ ПРОИЗВОДСТВА |
| Страна публикации |
Российская Федерация |
| 105 ## - ПОЛЕ КОДИРОВАННЫХ ДАННЫХ: ТЕКСТОВЫЕ МАТЕРИАЛЫ, МОНОГРАФИЧЕСКИЕ |
| Кодированные данные о монографическом текстовом документе |
y z ||||| |
| 200 0# - ЗАГЛАВИЕ И СВЕДЕНИЯ ОБ ОТВЕТСТВЕННОСТИ |
| Основное заглавие |
... по сведению 1-го ноября 1890 г. |
| 210 ## - ПУБЛИКАЦИЯ, РАСПРОСТРАНЕНИЕ И ДР. |
| Дата издания, распространения и т.д. |
1890 |
| Место издания, распространения и т.д. |
Б. м. |
| 215 ## - ФИЗИЧЕСКАЯ ХАРАКТЕРИСТИКА |
| Специфическое обозначение материала и объем |
11 с. |
| 311 ## - ПРИМЕЧАНИЯ, ОТНОСЯЩИЕСЯ К ПОЛЯМ СВЯЗИ (ПРИМЕЧАНИЯ О СВЯЗИ С ДРУГИМИ ПРОИЗВЕДЕНИЯМИ (ИЗДАНИЯМИ)) |
| Текст примечания |
Часть тиража вышло как прил. к журн. Рус. спорт, 1890, № 48 |
| 316 ## - ПРИМЕЧАНИЯ ОБ ОСОБЕННОСТЯХ ЭКЗЕМПЛЯРА |
| Текст примечания |
Экз. РНБ (2/1353н): приплетен к ... |
| Организация и экземпляр, к которому относится поле |
NLR: 2/1353н |
| 422 #0 - ИЗДАНИЕ, К КОТОРОМУ ОТНОСИТСЯ ПРИЛОЖЕНИЕ |
| Встроенное поле |
2001#$aРусский спорт$v1890, № 48 |
| Заглавие |
Русский спорт |
| 461 #0 - УРОВЕНЬ НАБОРА |
| Встроенное поле |
001v19\rc\1253372 |
| -- |
2001#$a[Заводские жеребцы ...$aЗаводские матки] ...$fКонный завод коллежского советника А.Н. Кривцова Тульск. губ., Крапивенск. уезда при с. Ламинцове$v... по сведению 1-го ноября 1890 г.$90 |
| Системный номер (АБИС) связанной записи |
3981939 |
| Автор |
Конный завод А.Н. Кривцова (с. Ламинцово, Тульск. губ.) |
| Место публикации |
Москва |
| Дата публикации |
1890 |
| Первые сведения об ответственности |
Конный завод коллежского советника А.Н. Кривцова Тульск. губ., Крапивенск. уезда при с. Ламинцове |
| Имя издателя, распространителя и т.д. |
изд. "Русского спорта" |
| Заглавие |
[Заводские жеребцы ... |
| Номер тома |
... по сведению 1-го ноября 1890 г.$90 |
| 482 #0 - ПРИПЛЕТЕНО К |
| Встроенное поле |
001RU\NLR\INFOCOMM18\1000198852 |
| -- |
2001#$aРусский спорт$eЖурнал$v1890, № 48 |
| Системный номер (АБИС) связанной записи |
4465807 |
| Место публикации |
Б. м. |
| Дата публикации |
1890 |
| Заглавие |
Русский спорт. - Г.9 1890, №48 |
| Номер тома |
1890, № 48 |
| 801 #0 - ИСТОЧНИК ЗАПИСИ |
| Страна |
Российская Федерация |
| Организация |
NLR |
| Правила каталогизации |
psbo |
| 801 #1 - ИСТОЧНИК ЗАПИСИ |
| Страна |
Российская Федерация |
| Организация |
ProSoft-M |
| Источник данных |
rusmarc |
| 852 ## - МЕСТОНАХОЖДЕНИЕ И ШИФР ХРАНЕНИЯ |
| Идентификатор организации |
NLR |
| Шифр хранения (Call Number) |
18.294.4.20 |
| 852 ## - МЕСТОНАХОЖДЕНИЕ И ШИФР ХРАНЕНИЯ |
| Идентификатор организации |
NLR |
| Шифр хранения (Call Number) |
2/1353н |
| 942 ## - ДОПОЛНИТЕЛЬНЫЕ ЭЛЕМЕНТЫ ЗАПИСИ (АБИС) |
| Тип экземпляра АБИС |
Книга |
| 980 ## - КОЛЛЕКЦИЯ |
| Название коллекции |
Национальная библиография |